000 00488nam a22001577a 4500
008 090204t xxu||||| |||| 00| 0 eng d
020 _a8183562264
082 _222
_a541.39
_bSHA
245 _aInorganic Reaction Mechanisms/
_cR. K. Sharma
260 _aNew Delhi:
_bDiscovery publishing house,
_c2007
300 _a309 p.:
_bill.;
_c22 cm.
942 _2ddc
_cBB
_hRDA-MOD
999 _c10689
_d10689
336 _2rdacontent
_atext
_btxt
337 _aunmediated
_2rdamedia
_bn
338 _avolume
_bnc
_2rdacarrier